000 00668nam a2200181Ia 4500
008 090711s9999 xx 000 0 und d
082 _b76929
100 _aफ्रँक ब्रेनाँड
245 _aबिस्मार्क Sाी शिकार
260 _bमहेता पब्लिकेशन हाऊस
_c1995
300 _a89
600 _aफ्रँक ब्रेनाँड
630 _aबिस्मार्क Sाी शिकार
700 _aफ्रँक ब्रेनाँड
700 _aभावे अनंत
730 _aबिस्मार्क Sाी शिकार
942 _cBOOK
999 _c327349
_d327349